[Event "Amsterdam NH Hotels 2nd"]
[Site "Amsterdam"]
[Date "2007.09.01"]
[Round "10"]
[White "Karjakin, Sergey"]
[Black "Beliavsky, Alexander G"]
[Result "1-0"]
[WhiteElo "2678"]
[BlackElo "2653"]
[Annotator "Stohl,I"]
[PlyCount "113"]
[EventDate "2007.08.22"]
[EventType "schev"]
[EventRounds "10"]
[EventCountry "NED"]
[SourceTitle "CBM 120"]
[Source "ChessBase"]
[SourceDate "2007.10.02"]
[SourceVersion "1"]
[SourceVersionDate "2007.10.02"]
[SourceQuality "1"]

1. e4 e5 2. Nf3 Nc6 3. Bb5 a6 4. Ba4 Nf6 5. O-O Be7 6. Re1 b5 7. Bb3 d6 8. c3
O-O 9. h3 Bb7 10. d4 Re8 11. a4 ({Usually White plays} 11. Nbd2 {first. The
text-move requires an accurate reaction from Black.}) 11... Bf8 $6 {This
doesn't seem ideal, as it allows White to profit from the difference between
11.Nbd2 and 11.a4 - he gets a chance to deploy his Nb1 more effectively, than
via the usual d2-square.} (11... Na5 12. Bc2 Bf8 (12... c5 $5) 13. dxe5 $5 dxe5
14. Qxd8 Rexd8 15. Nbd2 Nd7 $6 (15... Nc6 $142 16. b4 $14) 16. b4 Nc4 (16...
Nc6 17. Bb3 $36) 17. Nxc4 bxc4 18. Be3 a5 19. b5 f6 20. Nd2 Nb6 21. Nxc4 $1
Nxc4 22. Bb3 Bxe4 23. Bxc4+ Bd5 24. Bxd5+ Rxd5 25. Red1 Rad8 26. Rxd5 Rxd5 27.
Kf1 Kf7 28. Ke2 Ke6 29. c4 Rd8 30. c5 $16 {Tseshkovsky,V (2595)-Romanishin,O 
(2580)/Tashkent/1980/}) (11... Qc8 $146 12. Ng5 Nd8 13. Bc2 Bf8 14. Nd2 c6 15.
b4 Ne6 (15... a5 $5 {gives Black more chances to obtain sufficient <=>.}) 16.
Nb3 Nd7 17. Na5 Nxg5 18. Bxg5 Qc7 19. Nxb7 {White exchanges the B, before it
gets a chance to retreat.} Qxb7 20. Bb3 Nb6 21. axb5 axb5 22. Rxa8 Rxa8 23.
dxe5 $5 {[%csl Gb3,Gg5] This simple solution increases the strength of the ^^,
especially the unopposed Bb3.} dxe5 24. Qe2 Be7 25. Be3 g6 26. g3 $1 Nd7 27. f4
exf4 28. gxf4 Qc7 29. e5 $36 {Karjakin,S (2678)-Nikolic,P (2646)/Amsterdam/
2007/}) ({However, in Amsterdam we didn't see, what Karjakin had in mind
against the reputedly strongest} 11... h6 $142 $1 12. Nbd2 (12. d5 {leads to
less explored positions, which were topical almost 25 years ago. White can
hardly get an edge after} Na5 13. Ba2 (13. Bc2 c6 14. dxc6 Nxc6 15. Nbd2 Bf8
16. Qe2 b4 17. Nc4 bxc3 18. bxc3 Na5 19. Rb1 Rb8 20. Be3 Nxc4 21. Qxc4 Rc8 22.
Qf1 Qd7 23. Bd2 Bc6 24. Qxa6 Ra8 25. Qd3 Bxa4 26. c4 $11 {1/2,Lerner,K (2475)
-Razuvaev,Y (2470)/Frunze/1979/}) 13... c6 14. Na3 (14. dxc6 Bxc6 15. b4 Nc4
$13 {/=/+ is harmless and already White must play with care.}) 14... Qc7 $5 ({
Possibly even} 14... cxd5 {holds the balance after} 15. exd5 Qd7 16. b4 Nc4 17.
Nxc4 bxc4 18. Bxc4 Rec8 19. Qb3 Rc7 20. Be2 Bxd5 21. c4 Be6 22. Be3 d5 $5 23.
Nxe5 Qd6 24. Bf4 Qxb4 $132 {Velimirovic,D (2530)-Smagin,S (2540)/Zenica/1989/})
15. Nh4 (15. b4 Nc4 16. Nxc4 bxc4 17. dxc6 Bxc6 18. Nd2 d5 19. Qe2 Rac8 20.
exd5 Bxd5 21. Bb1 e4 22. Nxe4 Bxe4 23. Bxe4 Bxb4 24. cxb4 Rxe4 25. Qf1 Qb7 $15
{Rachels,S (2385)-Ivanov,A (2460)/USA/1989/}) 15... cxd5 16. exd5 Nc4 17. axb5
(17. Nf5 Bxd5 18. axb5 axb5 19. Nxb5 Qc6 $1 (19... Qd7 20. Nxe7+ Rxe7 21. b3
Rxa2 22. Rxa2 Qxb5 23. bxc4 Qxc4 24. Rd2 Qxc3 25. Re3 Qc6 26. Red3 Rc7 27. Bb2
Qb6 28. Kh2 Rc4 29. Ba3 Qa6 30. Qb3 Qc6 31. f3 e4 32. fxe4 Be6 33. Rxd6 Qxe4
$14 {/=,Ljubojevic,L (2605)-Karpov,A (2725)/Luzern olm/1982/}) 20. Nbd4 Qd7 (
20... exd4 $5 21. Nxe7+ Rxe7 22. Rxe7 dxc3 23. bxc3 Bxg2 $44) (20... Qc8 {/\}
21. b3 Bf8 $1 22. bxc4 Bxc4 23. Bxc4 Rxa1 24. Bb5 exd4 25. Bxe8 Qxf5 (25...
dxc3 $5 $15) 26. cxd4 d5 $36) 21. Bxc4 Rxa1 22. Bb5 Qb7 $6 (22... Qd8 $142) 23.
Bxe8 Nxe8 24. Nc2 Bb3 25. Nxh6+ $1 Kf8 26. Nf5 Kg8 27. Qe2 Ra8 28. Ncd4 Bf6 29.
Nxb3 Qxb3 30. Qd1 $14 {/+/-,Kapic,I-Florian,T/corr/1982/}) 17... Nxa3 18. bxa3
axb5 19. Nf5 Bc8 20. Nxe7+ Qxe7 21. c4 bxc4 22. Bxc4 Ba6 23. Bb3 Rab8 (23...
Nd7 $2 24. Ba4 Rec8 25. Bc6 Ra7 26. Be3 Nc5 27. Rb1 Rd8 28. Qf3 Bc8 29. Bxc5
dxc5 30. Qc3 f6 31. f4 $16 {Ivanovic,B-Smejkal,J/Sarajevo/1983/}) 24. Bd2 Rec8
{[%cal Ya6c4] /\Bc4<=>}) {Now Black has a choice, interesting is the
independent} 12... exd4 $5 (12... Bf8 {transposes back to the main line of the
Zaitsev system.}) 13. cxd4 Nb4 14. axb5 (14. Qe2 Bf8 15. e5 dxe5 (15... Bc6 16.
axb5 Bxb5 17. Qd1 Nfd5 18. Ne4 c6 19. Nc3 Rb8 20. Nxb5 axb5 21. exd6 Bxd6 22.
Bd2 Qc7 23. Qb1 Qd7 24. Ne5 Bxe5 25. Rxe5 Rxe5 26. dxe5 c5 27. Qe4 c4 28. Bd1
Nd3 29. Bg4 Qb7 30. Qd4 Qb6 $1 $11 {Kasparov,G (2715)-Karpov,A (2705)/WCh
Moscow/1985/}) 16. dxe5 (16. Nxe5 Bd5 $11) 16... c5 $5 17. axb5 Nd3 $13 {
Morgado}) (14. d5 c5 15. dxc6 Nxc6 16. Nf1 Bf8 17. Ng3 Ne5 18. Nd4 d5 19. f4
Nc4 20. e5 Ne4 21. Nxe4 dxe4 22. Bxc4 bxc4 23. Be3 {Tseshkovsky,V (2505)
-Ivanov,A/USSR/1984/} f6 $5 24. e6 f5 $13 {A.Ivanov}) 14... axb5 15. Rxa8 Qxa8
16. e5 Nh5 $1 17. e6 (17. Nf1 Bxf3 18. gxf3 c5 19. exd6 Bxd6 20. Rxe8+ Qxe8 21.
dxc5 Bxc5 22. Be3 $11) (17. g3 $6 c5 18. Qe2 c4 19. exd6 Nf6 $1 20. dxe7 cxb3
21. Kh2 Nc2 22. Rd1 Qa4 23. Qe5 Qb4 $17 {Claridge,J-Morgado,JS/corr/2005})
17... f5 $1 18. Nb1 Nf6 (18... c5 $5 $13 {seems more logical}) 19. Nh4 Be4 20.
Nc3 c5 21. f3 Bd3 22. Ng6 Qb7 23. Na2 Nxa2 24. Bxa2 c4 25. Nf4 Qa7 26. Nxd3
Qxa2 $132 {Van Dijk,H (2261)-Reis,A/ICCF Email/2001/}) 12. Bg5 $1 {Here this
sortie is surprisingly effective.} ({Karjakin's choice is clear-cut, but White
has another promising alternative:} 12. d5 Na5 13. Ba2 c6 14. Na3 cxd5 (14...
Qc7 15. Bg5 $1 $36 {- compare with the above note! This is one of the reasons,
why 11...h6! is more useful, than 11...Bf8.}) 15. exd5 Qd7 16. b4 (16. axb5
axb5 17. Bg5 e4 18. Nh2 $14) 16... Nc4 17. Nxc4 bxc4 18. Bxc4 e4 19. Nd4 Bxd5
20. Bxd5 Nxd5 21. Qb3 Qb7 22. Bd2 g6 23. c4 $14 {Velimirovic,D (2520)-Nikolic,
P (2510)/Vrsac/1981/}) 12... h6 ({After} 12... Na5 {White can even play the
direct and violent} 13. axb5 (13. Bc2 h6 14. Bxf6 Qxf6 15. Na3 $5 $36 {is
Murey's interesting reccomendation.} {/\} exd4 16. axb5 $1 dxc3 17. b4 $16)
13... axb5 14. Rxa5 $5 Rxa5 15. dxe5 dxe5 16. Qxd8 Rxd8 17. Nxe5 Bxe4 18. Nxf7
Bd5 19. Nxd8 Bxb3 20. Nd2 Bd5 {Shirov,A (2690)-Piket,J (2570)/Monte Carlo
blind rpd/1996/} 21. Ne6 $14) 13. Bxf6 Qxf6 14. Bd5 Rab8 (14... Reb8 $5 {
is perhaps somewhat better, as now White can profit from the <->a.} 15. axb5
axb5 16. Rxa8 Bxa8 17. Na3 exd4 18. cxd4 Na7 19. Bxa8 Rxa8 20. Qb3 c5 (20... c6
$142 $5) 21. Qd5 $16 {Murey,J-Kudrin,S/New York/1982/}) 15. axb5 {[%cal Ga1a8]}
axb5 16. Na3 {Just as in the above notes, even here this untypical development
to the rim causes Black serious problems.} Ne7 (16... exd4 17. cxd4 Nb4 18.
Bxb7 Rxb7 19. d5 $1 {/\} Qxb2 20. Nd4 $36) ({Black's move allows White an
advantageous central blockade, but even} 16... b4 17. Nc4 $36 {is unpleasant:}
bxc3 18. bxc3 exd4 $2 19. Qa4 $1 $18) 17. Bxb7 Rxb7 18. d5 $5 {[%mdl 36] With
this move White starts the strategy of limiting Black's Bf8, which will
culminate in the final phase of this model game.} (18. Nc2 exd4 19. cxd4 Ng6 (
19... c5 20. Ra6) (19... c6 $5 $14) 20. Nb4 c5 21. Nd5 Qd8 22. Qb3 $36 {
Rowson,J (2400)-Allahverdiev,A (2290)/EUChJ Holon/1995/}) 18... Reb8 (18... b4
19. Nc2 bxc3 20. bxc3 {[%cal Rc2b4] /\Nb4} c6 21. dxc6 $16 {leads to a
position, similar to the one which arose later in the game.}) (18... g6 19. Qd3
Reb8 20. Nc2 Qg7 {De Vleeschauwer,R-Garcia Poesson,T/corr/1987/} 21. Nb4 $16)
19. Nc2 c6 {Beliavsky doesn't want to allow Nb4 and seeks <=>, but on the
other hand his choice creates new >< (d6,d5).} 20. dxc6 Nxc6 21. Ne3 $16 {
[%csl Rd5,Rf8]} Qe6 22. Qd3 Qd7 23. Red1 (23. b4 $5 $16 {[%csl Rb5] deserves
attention as well, fixing the ><b5.}) 23... Ra7 24. Nd5 b4 25. Nd2 (25. c4 $5 {
was also playable, but Karjakin sees no need to change the character of the
position.}) 25... bxc3 26. bxc3 Rxa1 27. Rxa1 Nd8 28. Nc4 Qb5 29. Ra5 $1 Qb7 (
29... Qb1+ {leads to an _|_, but after} 30. Qxb1 Rxb1+ 31. Kh2 {/\Ra8} Rb8 32.
Ra6 Ne6 33. f3 Nc5 34. Rc6 Rd8 35. g4 $16 {Black can hardly move, while White
has time and means to improve his position.}) 30. Ra4 Ne6 31. Rb4 Qa7 32. g3 ({
White is in no hurry and first improves the position of his K, but} 32. Qb1 $5
$36 {is more direct and promising.}) 32... Ra8 33. Kg2 Qa1 34. Ncb6 Nc5 ({
Also keeping the R active with} 34... Ra7 $5 {seems playable, as} 35. Nc8 Ra8
36. Nce7+ Bxe7 37. Nxe7+ Kh7 38. Qf3 Qa2 $1 $14 {is unconvincing - White must
have something concrete if he agrees to swap the poor Bf8.}) 35. Qf3 Rd8 (35...
Rb8 $5 {/\} 36. Nc4 Rxb4 37. cxb4 Qd4 $1 $132) 36. h4 Qe1 $6 {On the other
hand, now patience was indicated. This active sortie helps White, after} (36...
Qa2 $142 $14 {/\Qc2,Nd3 Karjakin would have to show, how he intends to break
down Black's defences.}) 37. Na4 $1 {Exchanges Black's most active piece and
threatens to penetrate with the R to the 7-th (or possibly 8-th) rank.} Ra8 38.
Nxc5 Ra1 $8 (38... dxc5 $2 39. Rb7 f6 40. Qf5 $18) 39. Kh3 dxc5 40. Rb7 (40.
Rb8 g6 (40... Ra7 41. Kh2 f6 42. Kg2 $1 $40 {/\} Ra1 $2 43. Nxf6+ $1 gxf6 44.
Qg4+ Kf7 45. Rb7+ Be7 46. Qh5+ Ke6 47. Qf5+ Kf7 48. Qh7+ $18) 41. h5 $5 $16)
40... Qh1+ $8 {Otherwise White's -> breaks through} 41. Qxh1 Rxh1+ 42. Kg2 Ra1
$6 {Black finally succumbs to the relentless pressure.} (42... Re1 $142 $1 43.
Kf3 (43. Rb8 f6 (43... g6 $2 44. Re8) 44. Kf3 h5 {is similar.}) 43... h5 $16 {
wins an important tempo.}) 43. Rb8 {/\Ne7+-} g6 (43... f6 $142 {or}) (43... Ra7
$142 $16 {/+- at least doesn't lose material, although the _|_ is very
unpleasant, most probably even objectively lost. White plays} 44. h5 {[%cal
Yg2f3,Yf3g4,Yg4f5,Yf2f4] and penetrates with his K via the light squares, this
in combination with f4 should win in the long run.}) 44. Re8 h5 45. Rxe5 $18 {
White has a an extra P and a huge centralized N - the rest is a matter of
technique.} Ra8 46. Re8 $1 Ra7 (46... Rxe8 47. Nf6+ Kg7 48. Nxe8+ Kh6 49. f4
$18) 47. e5 Kg7 48. Kf3 c4 49. Rc8 Ra5 50. Rd8 (50. Ke4 Bc5 51. Ne3 $1 Bxe3 52.
fxe3 $18) 50... Bc5 51. Nf6 Be7 (51... Ra3 52. g4 hxg4+ (52... Rxc3+ 53. Kf4
hxg4 54. Rg8+ Kh6 55. Nxg4+ Kh7 56. Nf6+ Kh6 57. Rh8+ Kg7 58. Rh7+ Kf8 59. Kg5
$1 Ke7 $8 60. Nd5+ $18) 53. Kxg4 Bf8 54. h5 gxh5+ 55. Nxh5+ Kg8 56. Nf6+ Kg7
57. Nd7 Rxc3 (57... Be7 58. Re8 $18) 58. Nxf8 Rd3 59. Rxd3 $5 cxd3 60. Kf3 Kxf8
61. Ke3 $18) 52. Rg8+ Kh6 53. Ke4 Bxf6 (53... Ra2 54. Ne8 $1 {[%cal Rg8h8] /
\Rh8#} g5 (54... Kh7 55. Rg7+ $18) 55. hxg5+ Bxg5 56. f4 Be7 57. Kf5 $18) 54.
exf6 Kh7 (54... g5 55. hxg5+ Rxg5 56. Rxg5 Kxg5 57. Ke5 Kg4 (57... Kg6 58. f4
$18) 58. Kd6 Kf3 59. Ke7 $18) 55. Rg7+ Kh6 56. Rxf7 Ra2 57. f4 1-0

[Event "Poikovsky Karpov 19th"]
[Site "Poikovsky"]
[Date "2018.05.27"]
[Round "1"]
[White "Sutovsky, Emil"]
[Black "Kovalev, Vladislav"]
[Result "1-0"]
[WhiteElo "2647"]
[BlackElo "2650"]
[Annotator "Sutovsky,E"]
[PlyCount "159"]
[EventDate "2018.05.27"]
[EventType "tourn"]
[EventRounds "9"]
[EventCountry "RUS"]
[EventCategory "18"]
[SourceTitle "CBM 185"]
[Source "ChessBase"]
[SourceDate "2018.07.13"]
[SourceVersion "1"]
[SourceVersionDate "2018.07.13"]
[SourceQuality "1"]

{Poikovsky-2017 was one of my best events ever, whereas the 2018 edition
didn't go well at all. Still I managed to play a couple of decent games, one
of which I'd like to share with you.} 1. e4 e5 2. Nf3 Nc6 3. Bb5 a6 (3... Nf6 {
has almost entirely replaced the Classical Ruy Lopez in the top-level events,
and 3...a6 already has some romantic flavour nowadays. Especially if it is not
an attempt to show one's memory in one of the Marshall forcing lines.}) 4. Ba4
Nf6 5. O-O Be7 6. Re1 b5 7. Bb3 d6 {As classical as it can be.} 8. c3 O-O 9. h3
({For years I have entertained myself and spectators with} 9. d4 {being the
only 2650+ player to play it constantly. But when most of the top guys joined
me, borrowing some of the most important ideas there, I started to vary,
choosing the more solid 9.h3 on most occasions.}) 9... Bb7 {The Zaitsev
Variation. It is named after the renowned Russian theoretician, GM Igor
Zaitsev, who has just celebrated his 80th birthday (Happy birthday, Igor
Arkadjevich!). It was the main weapon of Anatoly Karpov for an entire decade,
and many of us remember these exciting Kasparov-Karpov battles. Garry scored
well here, as the dynamic positions arising were much more suitable for him,
but theoretically speaking Black is OK in all the main lines.} 10. d4 Re8 11.
Ng5 Rf8 12. Nf3 Re8 13. a4 {One of the poisonous sidelines. The main line is
13.Nbd2, but the move in the text does have a point as well.} Bf8 (13... h6 {
is another important move, when the most logical white response 14.Nbd2 brings
us again to the main theoretical line. However White has other options on move
14 as well.}) 14. Bg5 {That's the whole point of the 13.a4 move order. White
is ready to part with the dark-squared bishop in order to install a massive
elephant on d5.} h6 15. Bxf6 Qxf6 16. Bd5 Rab8 {An unpleasant move to play,
but the only one allowing Black to avoid getting into trouble.} 17. Na3 (17.
Re3 {is a typical computer-move, but in the good sense :) White understands
that the opponent has nothing better than to release the pressure, and
prepares accordingly.} exd4 (17... Ne7 18. Bxb7 Rxb7 19. Nbd2 $14) 18. cxd4 Nb4
19. Bxb7 Rxb7 20. Nc3 c5 {it looks like White should have some pull, but I
didn't manage to prove it to my pet animal that barks out 0.00 evaluation
loudly.}) 17... exd4 18. axb5 axb5 19. cxd4 Nb4 20. Bxb7 Rxb7 {And here comes
the move I had prepared while choosing my 17th move.} 21. d5 $1 {Simple, but
efficient. At least, that what I thought. He can't take on b2 (we will see why
in a minute), he can't be happy with the position after 21...c5 22.dxc6, and
that means White is better! Well, almost. Let's say White is on the better
side of an equal position. Or Black has to play precisely to hold the balance.
You know, it all depends on the angle from which you want to look at it.} Na6 {
A mistake.} ({As mentioned} 21... Qxb2 22. Nd4 $1 {is just bad for Black. His
queen is stuck and can possibly be trapped, the pawn on b5 is falling, the
knight on b4 is hanging in the air. This is simply bad.}) (21... c5 $1 22. dxc6
Nxc6 {looks very pleasant for White after} 23. Qd5 {but I didn't manage to
prove anything to the beast after the calm} Rb6 {I can twist its arms to
whisper 0.12 unwillingly, but that's about it. Notwithstanding, I do consider
the position to be easier to play and more pleasant for White. At least Its
Majesty the computer can't steal my feelings. Yet.}) 22. Nc2 Nc5 23. b4 {
A very important moment, missed by Black. Now the pawn on e4 is poisoned, and
if the knight retreats, it starts going from bad to worse for Black.} (23. Ncd4
b4 24. Re3 $1 {was a good alternative, as White has a clear edge here in spite
of the well-placed knight on c5. But I had a different, more ambitious idea.})
23... Nd7 {That is almost losing. The pawn was indeed poisoned, but Black
would have an antidote healing him, even if not making him entirely happy. I
actually saw all the important lines during the game, if only evaluating it a
bit too optimistically.} (23... Nxe4 24. Qd3 Qg6 25. Nh4 $1 Qh7 26. Nd4 $1 (26.
f3 {was my original intention} g5 $1 (26... Nf6 27. Qxh7+ Kxh7 28. Rxe8 Nxe8
29. Ra8 {and White wins a piece. Quite a remarkable line - and it made
Vladislav play 23...Nd7, but that's even a bigger evil.}) 27. Rxe4 gxh4 28. Nd4
{threatening Nf5 looked like a huge advantage for White, but the engine
disagrees and claims} Rxe4 29. fxe4 Rb8 30. Nf5 Qg6 {to be about equal. Well,
maybe.}) 26... Rbb8 27. Nhf5 Nf6 28. Nc6 Rbc8 {and now White gets an advantage
after ban-the-cheater move} 29. g3 $3 {and Black is in a sort of zugzwang.
Don't ask me why. Just check it with the computer to understand. No, not to
understand - to try to understand.} (29. Nce7+ Rxe7 30. Nxe7+ Bxe7 31. Qxh7+
Kxh7 32. Rxe7 Nxd5 33. Rxf7 Nxb4 {is unclear})) 24. Ncd4 {Now it is really bad
for him. The pawn on b5 is weak, and the rook on b7 quickly gets stuck.} g6 25.
Qc1 {A subtle way to aim at c6, and also to control the f4-square after the
continuation in the game. The engines claim there was no need to be so subtle,
but I still like it.} Ne5 26. Nxe5 Qxe5 27. Nc6 {And now he does not have the
important 27...Qf4 resource, that he would have after 25.Qc2... "Rubbish",
says my impolite silicon friend.} Qf6 28. Ra5 {Here I calculated a long
forcing line and went for it - although there were another good options.} Qh4
29. Qa3 Rxe4 30. Rxe4 Qxe4 31. Ra8 Qe1+ 32. Kh2 Rb6 (32... Qxf2 33. Qa1 $1 {
was the key move I planned in advance, and White wins thanks to some nice
geometry.}) 33. Qb2 Rxc6 34. dxc6 {White is totally winning. I tried to keep
it simple, and made myself work for another three hours. There is no general
advice on it, but I paid attention on Ivanchuk's way to convert the winning
position - he looks for the shortest and strongest win, rather than the
seemingly simple but long one. Something to ponder about.} Qe7 35. Qd4 d5 36.
Qc5 (36. Qxd5 Qxb4 37. g3 $1 {would have ended the game quickly, but I thought
it will not take long to convert the endgame, which must be winning with a lot
of room to spare. And winning it was. But not as easy as I expected.}) 36...
Qxc5 37. bxc5 Kg7 38. Rc8 Bxc5 39. g3 Bd6 40. Rd8 $1 {That's the whole point.}
Bc5 41. Rc8 Bd6 42. Rd8 Bc5 43. f4 Kf6 (43... d4 44. Rd5 Bb6 45. Rxb5 d3 46.
Rd5 $1 {is totally hopeless for Black.}) 44. Rxd5 Bb6 45. Rxb5 Ke6 46. Re5+ Kd6
47. Kg2 Bc5 48. Re8 Kxc6 49. Rh8 Kd5 50. Rh7 Ke6 51. Rxh6 Bd4 52. h4 {There
are some subtleties still, but White is not required to show a study-like path
to victory at any moment, except for the very final phase of the game, where
it was also fairly simple.} Bg7 53. Rh7 Bc3 54. g4 c5 55. h5 c4 56. hxg6 fxg6
57. Rc7 Kd5 58. Kf3 Bb2 59. f5 gxf5 60. g5 Kd4 61. g6 Kd3 62. Rd7+ Kc2 63. Ke2
f4 64. Rd2+ Kc1 65. Rd1+ Kc2 66. Rd2+ Kc1 67. Rxb2 f3+ 68. Kf1 $1 {Elegant,
but not too difficult indeed.} Kxb2 69. g7 c3 70. g8=Q c2 71. Qb8+ Ka1 72. Qa7+
Kb2 73. Qb6+ Kc3 74. Qa5+ Kb2 75. Qb4+ Ka1 76. Qa3+ Kb1 77. Qb3+ Kc1 78. Ke1
f2+ 79. Kxf2 Kd1 80. Ke3 1-0

[Event "Candidates final"]
[Site "Kuala Lumpur"]
[Date "1990.03.14"]
[Round "5"]
[White "Timman, Jan H"]
[Black "Karpov, Anatoly"]
[Result "1/2-1/2"]
[WhiteElo "2680"]
[BlackElo "2730"]
[Annotator "Tischbierek,R"]
[PlyCount "75"]
[EventDate "1990.03.??"]
[EventType "match"]
[EventRounds "12"]
[EventCountry "MAS"]
[SourceTitle "Candidates"]
[Source "ChessBase"]
[SourceDate "1999.07.01"]
[SourceVersion "2"]
[SourceVersionDate "1999.07.01"]
[SourceQuality "1"]

1. e4 {Douven,Ernst} e5 2. Nf3 Nc6 3. Bb5 a6 4. Ba4 Nf6 5. O-O Be7 6. Re1 b5 7.
Bb3 d6 8. c3 O-O 9. h3 Bb7 10. d4 Re8 11. Nbd2 Bf8 12. a4 h6 13. Bc2 exd4 14.
cxd4 Nb4 15. Bb1 bxa4 16. Rxa4 a5 17. Ra3 Ra6 18. Rae3 {/\ 19.b3, 20.Bb2} a4
19. Nh4 (19. Nf1 d5 20. e5 Ne4 21. N1d2 c5 22. Nxe4 dxe4 23. Bxe4 Bxe4 24. Rxe4
c4 $44 {Balashov-Karpov/USSR-ch/1983/}) 19... c5 20. dxc5 dxc5 (20... d5 $5)
21. Nf5 {+/=/+/-} Bc8 22. e5 (22. Nxh6+ $5 gxh6 23. e5 Nh7 24. Qh5 Bg7 25. Rg3
Qe7 26. Nc4 Kh8 27. Bd2 {/\ 28.Nd6}) 22... Nfd5 23. Rg3 {/\ 24.Nc4} Nf4 $1 24.
Qf3 Bxf5 25. Bxf5 Ne6 26. Bb1 (26. Bxe6 Raxe6 27. Nc4 $14 {Douven}) 26... Nd4
27. Qg4 (27. Qe4 $142 {Ernst} f5 (27... g6 {Ernst})) 27... Nbc2 {/\ 28... Rg6
Douven} 28. Qe4 f5 29. Qd3 Nxe1 30. Qxa6 Rxe5 $17 31. Re3 (31. Qxh6 Qd5 $1 {
/\ 32... Qg2! 33... Nef3 34... Re1#} (31... Ne2+ 32. Kh2 Nxg3 33. Ba2+)) 31...
Qg5 32. Kf1 Rxe3 33. fxe3 Qxe3 34. Qc4+ Kh7 $6 (34... Kh8 $142) 35. Ba2 Nd3 $2
(35... Qd3+ {! Ernst} 36. Kf2 (36. Kxe1 Nc2+ 37. Kf2 Qe3+ 38. Kf1 Qe1#) (36.
Qxd3 $2 Nxd3 $19 {Ernst}) 36... Qxc4 37. Bxc4 Nec2 {Mit dem König auf h8 wäre
die Stellungsbeurteilung: -/+/-+} (37... Nec2 38. Nb1 {/\ Na4} Bd6 39. Nc3 Nb3
40. Be3 (40. Ke2 {! Dies ist der richtige Zug, wenn der König auf h8 steht.}
Nxc1+ 41. Kd2 $10) 40... f4 41. Bd3+ {Douven})) 36. Qg8+ Kg6 37. Qf7+ Kh7 (
37... Kg5 $4 38. Nf3+ $18) 38. Qg8+ 1/2-1/2